Normal view
MARC view
- تأليف عبد الهاشمي،عبد الرحمن، م. مشارك فائزة محمد فخري العزاوي ؛ تقديم عبدالله عويدات
Entry Personal Name
001 - CONTROL NUMBER
- control field: 51369
003 - CONTROL NUMBER IDENTIFIER
- control field: JO-AjAnu
005 - DATE AND TIME OF LATEST TRANSACTION
- control field: 20230606082442.0
008 - FIXED-LENGTH DATA ELEMENTS
- fixed length control field: 230606|| aca||aabn | a|a d
040 ## - CATALOGING SOURCE
- Original cataloging agency: JO-AjAnu
- Transcribing agency: JO-AjAnu
100 ## - HEADING--PERSONAL NAME
- Personal name: تأليف عبد الهاشمي،عبد الرحمن، م. مشارك فائزة محمد فخري العزاوي ؛ تقديم عبدالله عويدات
670 ## - SOURCE DATA FOUND
- Source citation: Work cat.: (JO-AjAnu)26253: تأليف عبد الهاشمي،عبد الرحمن، م. مشارك فائزة محمد فخري العزاوي ؛ تقديم عبدالله عويدات, author, الكتابة الفنية: مفهومها - أهميتها - مهاراتها - تطبيقاتها = Teachnical Writing